Triết lý cầu nhàn hưởng lạc trong thơ Nguyễn Công Trứ

Nguyễn Công Trứ - nhà nho tài tử và triết lý cầu nhàn hưởng lạc trong văn học trung đại Việt Nam...Biểu hiện của triết lý cầu nhàn hưởng lạc trong thơ Nguyễn Công Trứ...

Wedi'i Gadw mewn:
Manylion Llyfryddiaeth
Prif Awdur: Hàn, Thị Hạnh
Awduron Eraill: Lương Ngọc Vân Người hướng dẫn (GVC.Ths.)
Fformat: Llyfr
Iaith:Vietnamese
Cyhoeddwyd: Đại học Sư Phạm Đại học Đà Nẵng 2008
Pynciau:
Tagiau: Ychwanegu Tag
Dim Tagiau, Byddwch y cyntaf i dagio'r cofnod hwn!
Thư viện lưu trữ: Mạng thư viện Đại học Đà Nẵng
LEADER 01335nam a2200313 4500
001 000011044
003 7272
005 20120111080149.0
008 120111s2008 viesd
041 |a vie 
082 |a 895.9221  |b HA-H 
100 1 |a Hàn, Thị Hạnh 
245 1 |a Triết lý cầu nhàn hưởng lạc trong thơ Nguyễn Công Trứ  |c Hàn, Thị Hạnh 
260 |a Đại học Sư Phạm  |b Đại học Đà Nẵng  |c 2008 
300 |a 57 tr.  |c 29 cm. 
500 |a Khóa luận tốt nghiệp 
520 |a Nguyễn Công Trứ - nhà nho tài tử và triết lý cầu nhàn hưởng lạc trong văn học trung đại Việt Nam...Biểu hiện của triết lý cầu nhàn hưởng lạc trong thơ Nguyễn Công Trứ... 
653 |a Nguyễn Công Trứ 
700 |a Lương Ngọc Vân  |c Người hướng dẫn  |e GVC.Ths. 
OWN |a LSP 
AVA |a UDN50  |b LSP  |d 895.9221 HA-H  |e available  |t Error 5001 Not defined in file expand_doc_bib_avail.  |f 1  |g 0  |h N  |i 0  |k 1 
999 |a From the UDN01 
AVA |a UDN50  |b LSP  |d 895.9221 HA-H  |e available  |t Error 5001 Not defined in file expand_doc_bib_avail.  |f 1  |g 0  |h N  |i 0  |k 1 
TYP |a Monograph 
TYP |a Printed language 
980 |a Mạng thư viện Đại học Đà Nẵng